000 01171cab a2200229 4500
001 X3837
008 090401t1996 xxu||||| |||| 00| 0 eng d
035 _a(Sirsi) u33271
041 _aeng
245 _aHall Aggregates (South Coast) Ltd v New Forest DC
260 _c1996
350 _a0
490 _aProperty and Compensation Reports
_v[1996] 72 P&CR 567(12)
520 _aQBD 19 June 1996. Town & Country Planning Act 1990 s287 - application to challenge local planning authority decision to adopt alterations to Local Plan - application to quash part of plan defining boundaries of New Forest Heritage Area - local planning authority did not accept local plan inquiry inspector`s recommendations to ammend proposed boundary - wether local planning authority compied with requirement to give reasons for decision - wether substantial prejudice to appicant. Taken from article heading.
650 _aHALL AGGREGATES (SOUTH COAST) LTD V NEW FOREST DC
650 _aLOCAL PLAN
650 _aNEW FOREST HERITAGE AREA
650 _aTOWN AND COUNTRY PLANNING ACT 1990 S287
690 _aPLANNING LAW AND PRACTICE-CASE LAW
942 _n0
948 _c04/03/1997
999 _c22237
_d22237